Gaming Quiz

Random Gaming or Clickable Quiz

Board Game by Rules Argument Quiz Stats

 Plays Quiz Updated May 30, 2018

Score 0/20 Timer 06:00
23 Plays Today
% Correct
Monopoly
94.5%
Battleship
94.4%
Connect Four
91.7%
Scrabble
91.1%
Trump: the Game
90.4%
Clue(do)
90.2%
Settlers of Catan
88.2%
Risk
86.3%
Operation
85.2%
The Game of Life
85.1%
% Correct
Hungry Hungry Hippos
82.8%
Ticket to Ride
82.5%
Checkers
78.9%
Stratego
75.1%
Chutes and Ladders
67.5%
Othello
62.4%
Sorry
61.8%
Chess
57.4%
Backgammon
52.1%
Candy Land
51.5%

You're not logged in!

Compare scores with friends on all Sporcle quizzes.
OR
Log In

Show Comments

Extras

Top Quizzes Today


Score Distribution

Your Account Isn't Verified!

In order to create a playlist on Sporcle, you need to verify the email address you used during registration. Go to your Sporcle Settings to finish the process.

Report this User

Report this user for behavior that violates our Community Guidelines.

Details: